000 00596nam a2200181 a 4500
082 _a355.02
_bCOL
100 1 _aGoltz, Colmar von der
_948688
245 _aThe Conduct of war :
_ba short treaties on operational strategy
260 _aLondon :
_bKegan Paul, Trench Trubner ,
_c1985
300 _avii, 119p.
526 _a0
_b0
_c0
_d355_020000000000000_COL
526 _a0
_b0
_c0
_d355_020000000000000_COL
526 _a0
_b0
_c0
_d355_020000000000000_COL
526 _a0
_b0
_c0
_d355_020000000000000_COL
650 0 _aMCE
_9379
650 0 _aMilitary Operations, Strategy
_948689
942 _2ddc
_cBK
999 _c551545
_d551545